| 000 | 00669nam a2200217Ia 4500 | ||
|---|---|---|---|
| 003 | GCL | ||
| 008 | 140319s9999 xx 000 0 ara d | ||
| 040 |
_aGCL / _cGCL |
||
| 082 | 0 | 4 |
_a940.18 _bم ت |
| 100 | 1 | _aماير, هانس ايرهارد | |
| 245 | 1 | 0 |
_aتاريخ الحروب الصليبية / _cماير, هانس ايرهارد |
| 700 | 1 | _aعمادالدين غانم | |
| 700 | 1 | _aنجاح صلاح الدين (تقديم) | |
| 300 | _a471 ص | ||
| 490 | _a | ||
| 650 | 0 | 4 | _aالحروب الصليبية |
| 650 | 0 | 4 | _aالتاريخ الاسلامى |
| 650 | 0 | 4 | _aالعصور الوسطى |
| 650 | 0 | 4 | _aاوربا - تاريخ |
| 942 |
_2ddc _cBK |
||
| 999 |
_c41724 _d41724 |
||